000 00380nam a2200145Ia 4500
008 220216s9999 xx 000 0 und d
245 0 _aUse of rubber powder in the construction of roads
260 _bRubber Developments
_c1948
300 _a31-32
650 _aAsphalt road
650 _aRubber powder
650 _aRubber stiching
650 _aRubberised road
942 _cJS
999 _c71946
_d71946